Представление документа в формате MARC21

Поле Инд. ПП Название Значение
Тип записи a
Библиографический уровень b
001 Контрольный номер RU/IS/BASE/113303482
005 Дата корректировки 20200610181801.5
084 a Индекс другой классификации/Индекс ББК 88.5; 60.543.132.1; 63.3(2)-283.2; 60.028.13
100 1_ a Автор Элбакян Е. С.
245 _1 a Заглавие "Между молотом и наковальней"
b Продолж. заглавия (Российская интеллигенция в ушедшем столетии)
504 a Библиография Библиогр. ссылки. - Примеч.
650 a Основная рубрика история
a Основная рубрика психология
a Основная рубрика социальная психология
a Основная рубрика социальная философия
a Основная рубрика социология
a Основная рубрика социология групп
a Основная рубрика философия
653 a Ключевые слова архетип
a Ключевые слова архетипы сознания
a Ключевые слова групповое сознание
a Ключевые слова духовные ценности
a Ключевые слова духовный мир
a Ключевые слова интеллигентность
a Ключевые слова интеллигенция
a Ключевые слова коллективное бессознательное
a Ключевые слова комплекс вины
a Ключевые слова консерваторы
a Ключевые слова либералы
a Ключевые слова ментальность
a Ключевые слова мировоззрение
a Ключевые слова мироотношение
a Ключевые слова мироощущение
a Ключевые слова миропонимание
a Ключевые слова мифология
a Ключевые слова мифы
a Ключевые слова национальное самосознание
a Ключевые слова национальный характер
a Ключевые слова образ мира
a Ключевые слова общественно-политическая позиция
a Ключевые слова общественно-политические взгляды
a Ключевые слова общественное сознание
a Ключевые слова патриотизм
a Ключевые слова политические взгляды
a Ключевые слова православие
a Ключевые слова религиозность
a Ключевые слова религиозные взгляды
a Ключевые слова религия
a Ключевые слова Россия
a Ключевые слова русская интеллигенция
a Ключевые слова самоидентификация
a Ключевые слова социальная мифология
a Ключевые слова социальные группы
a Ключевые слова социальные классы
a Ключевые слова социальные мифы
a Ключевые слова СССР
a Ключевые слова функции интеллигенции
773 t Заглавие источника Вестник Московского университета. Серия 18, Социология и политология
d Дата издания источника 2003
g Прочая информация № 2. - С. 28 - 67
w Контрольный № источника RU/IS/BASE/111079824
901 t Тип документа b